000 00517nam a2200193 a 4500
001 1767860135452
003 YourLibrary
005 20260108150645.0
008 260108s2007##################000#0#eng##
020 _a9780195689273
082 0 4 _a301.01
_bAGG
100 1 _aAggarwal, Aradhna,
_eauthor.
245 1 0 _aThe Anti-dumping Agreement and Developing Countries :
260 _c2007.
300 _a324 pages
650 0 _aBusiness & Economics.
942 _cENGLISH
040 _aYourLibrary
_beng
_cYourLibrary
999 _c607832
_d607832